The Melodic Blue Tracklist (Baby Keem) - Statistics

General Stats
  • This quiz has been taken 72 times
  • The average score is 16 of 26
Answer Stats
Hint Answer % Correct
16 16
90%
10 (ft Kendrick Lamar) family ties
90%
8 lost souls
90%
17 (ft Brent Faiyaz) lost souls
90%
4 (ft Kendrick Lamar) range brothers
90%
1 trademark usa
90%
9 (ft Don Toliver) cocoa
84%
2 pink panties
82%
12 (ft Travis Scott) durag activity
80%
15 vent
67%
3 scapegoats
63%
26 (ft Lil Uzi Vert) bank account
59%
13 booman
57%
25 highway 95
57%
11 scars
55%
7 south africa
55%
5 issues
53%
14 first order of business
51%
18 hooligan
51%
21 (ft Don Toliver, PinkPantheress) killstreaks
51%
19 no sense
47%
6 gorgeous
45%
24 fine china
41%
23 naked freestyle
39%
22 patience interlude
39%
20 a life of pain
35%
No matching quizzes found
Score Distribution
Percent of People with Each Score
Percentile by Number Answered
Your Score History
You have not taken this quiz